| 000 | 02776nam a2200229 i 4500 | ||
|---|---|---|---|
| 001 | 991107444498606196 | ||
| 005 | 20250827135410.0 | ||
| 008 | 241112e202410 sp 000 f spa d | ||
| 020 |
_a9788439743484 _q(paperback) |
||
| 035 | _a(OCoLC)1468057967 | ||
| 040 |
_aSP-BaPL _beng _cSP-BaPL _erda |
||
| 041 | _aSpanish | ||
| 050 | 1 | 4 |
_aPQ8498.433.I36 _bA92 2024 |
| 100 |
_aWiener, Gabriela, _d1975- _eauthor. |
||
| 245 | 1 | 0 |
_aAtusparia _c/ Gabriela Wiener. |
| 250 | _aFirst edition | ||
| 264 | 1 |
_aBarcelona : _bRandom House, _coctubre de 2024. |
|
| 300 |
_a237 pages ; _c23 cm |
||
| 520 | _aUna política de izquierda, víctima del lawfare, cumple condena en una prisión de máxima seguridad en lo más profundo de la selva amazónica. Se hace llamar Atusparia, como el líder indígena que encabezó la resistencia en el Perú del siglo XIX y como el delirante colegio comunista donde estudió en los últimos estertores de la Guerra Fría. El amor en tiempos del capitalismo la arrastra a una espiral de drogas y desenfreno sexual que la aparta de los ideales de su juventud, hasta que el llamado de sus raíces la conduce a un viaje iniciático a orillas del lago Titicaca, donde se mimetiza con el héroe revolucionario de su infancia. No existen precedentes claros para esta nueva novela de Gabriela Wiener. Atusparia es radical y exquisita; satírica, autoficcional y ligeramente futurista. A medio camino entre el realismo social y la fantasía poética, Wiener da un salto magistral en su literatura y nos entrega su «gran novela rusa» postindigenista: un relato en el que las jerarquías y las luchas de poder terminan por desgarrar a los propios movimientos emancipadores. | ||
| 520 | _aA left-wing politician, victim of lawfare, serves her sentence in a maximum-security prison deep in the Amazon jungle. She calls herself Atusparia, after the nineteenth-century Peruvian indigenous leader who spearheaded the resistance, and after the delirious communist school where she studied in the dying days of the Cold War. Love in the age of capitalism drags her into a spiral of drugs and frenetic sexuality that pulls her away from the ideals of her youth, until the call of her roots leads her on an initiatory journey to the shores of Lake Titicaca, where she merges with the revolutionary hero of her childhood. There are no clear precedents for this new novel by Gabriela Wiener. Atusparia is radical and exquisite; satirical, autofictional, and slightly futuristic. Straddling social realism and poetic fantasy, Wiener makes a masterful leap in her writing and offers us her post-indigenist “great Russian novel”: a story in which hierarchies and struggles for power ultimately tear apart the very movements of emancipation. | ||
| 942 | _2lcc | ||
| 999 |
_c4882 _d4882 |
||